00656nam a22001697a 450000500170000001000130001702000140003003500110004403700130005508200080006810000700007624501320014624600820027826000430036027000600040330000230046320210811105924.0 aUR-11186 c500.00a- aU-9741 bDBAD/PUB a270 aا فا د ا ت:مو لا نا ا شر ف علی تھا نو ی  a شا ن صحا بہ ر ضی اللہ عنہم ا جمعينcا فا د ا ت:مو لا نا ا شر ف علی تھا نو ی  aShan-e-Sahaba Razi Allah Aunham Ajmaeen (Urdu)bby Moulana Ashraf Ali Thanvi  aDeoband cN.A. ءbMaktaba Darul Uloom aMaktaba Darul Uloom Deoband,bUttar pardeshe247554l- a392 ص c22 Cm(Hb)